| 000 | 01094nam a2200265 a 4500 | ||
|---|---|---|---|
| 003 | BLK | ||
| 005 | 20250514175257.0 | ||
| 008 | 181219b bu ||||| |||| 00| 0 bu d | ||
| 020 | _a9789547714519 | ||
| 040 | _aBLK | ||
| 041 |
_aBUL _cBUL |
||
| 080 |
_aИспанска литература _b821.134.2 _z821.134.2-31 _x-31 |
||
| 084 | _aГ 94 | ||
| 100 |
_aГутиерес, Моника _9484302 |
||
| 245 |
_aКнижарницата на мистър Ливингстън _bроман _cМоника Гутиерес; прев. от исп. Веселка Ненкова |
||
| 260 |
_aСофия _bКръгозор _c2021 _fДобрич : Фолиарт |
||
| 300 |
_a208 с. _c21 см |
||
| 380 | _aX | ||
| 500 | _aОриг. загл. La libreria del senor Livingstone / Monika Gutierrez Artero | ||
| 700 |
_91070 _aНенкова, Веселка Ангелова _eпрев. от исп. |
||
| 852 |
_aЦб 322855 _bЦб |
||
| 942 |
_n0 _cKNG _s1 _04 |
||
| 944 |
_aCR _c2024-06-03 _k30534 _lРадостина Карадакова |
||
| 999 |
_c483976 _d483976 |
||